[Event "4NCL/Div1/WGR vs. BET"]
[Site "Sunningdale ENG"]
[Date "2006.09.16"]
[Round "1.8"]
[White "Eames, Robert G"]
[Black "Hegarty, Sarah"]
[Result "1-0"]
[WhiteElo "2311"]
[BlackElo "1943"]
[PlyCount "75"]
[EventDate "2006.09.16"]

1. e4 c5 2. Nf3 Nc6 3. d4 cxd4 4. Nxd4 g6 5. c4 Bg7 6. Be3 Nf6 7. Nc3 Ng4 8.
Qxg4 Nxd4 9. Qd1 e5 10. Bd3 O-O 11. O-O d6 12. Qd2 Be6 13. Rac1 Rc8 14. b3 a6
15. f3 Qa5 16. Rfd1 Rfd8 17. Bf1 Rd7 18. Ne2 Qxd2 19. Bxd2 Nc6 20. Be3 f5 21.
Nc3 f4 22. Bb6 Bf6 23. Nd5 Bd8 24. Bf2 Bxd5 25. Rxd5 Nd4 26. c5 Bf6 27. b4 Rdd8
28. Rc4 dxc5 29. Rdxc5 Rxc5 30. Rxc5 Nc6 31. b5 axb5 32. Rxb5 Rd7 33. Bc4+ Kg7
34. Bd5 g5 35. h3 h5 36. Kf1 Rc7 37. Bb6 Rd7 38. Bc5 1-0

[Event "4NCL/Div1/HKF1 vs. WGR"]
[Site "Sunningdale ENG"]
[Date "2006.09.17"]
[Round "2.2"]
[White "Pein, Malcolm"]
[Black "Hanley, Craig A"]
[Result "1/2-1/2"]
[WhiteElo "2400"]
[BlackElo "2419"]
[PlyCount "88"]
[EventDate "2006.09.17"]
[EventType "team"]
[EventRounds "11"]
[EventCountry "ENG"]
[WhiteTeam "Wood Green 1"]
[BlackTeam "H Kingfisher 1"]

1. c4 Nf6 2. d4 e6 3. Nf3 Bb4+ 4. Bd2 a5 5. Nc3 b6 6. g3 Bb7 7. Bg2 Ne4 8. Rc1
O-O 9. O-O Nxc3 10. Bxc3 d6 11. d5 Na6 12. e4 Re8 13. Nd4 Nc5 14. Qd2 Qf6 15.
Rfe1 Bxc3 16. Qxc3 Re7 17. Re3 Rae8 18. Rce1 Qg6 19. f3 h5 20. Ne2 h4 21. Nf4
Qg5 22. Nh3 Qh6 23. f4 exd5 24. exd5 Kf8 25. Rxe7 Rxe7 26. Rxe7 Kxe7 27. Ng5
hxg3 28. hxg3 Bc8 29. Ne4 Nxe4 30. Bxe4 Bg4 31. Bf3 Bf5 32. Qe3+ Kd8 33. Be4
Qh3 34. Bxf5 Qxf5 35. Qc3 f6 36. Kg2 Qb1 37. a4 Qd1 38. b3 Qe2+ 39. Kh3 Ke7 40.
g4 Qf1+ 41. Kg3 Qg1+ 42. Kf3 Qh1+ 43. Kg3 Qe4 44. Qf3 Qe1+ 1/2-1/2

[Event "4NCL/Div1/HKF1 vs. WGR"]
[Site "Sunningdale ENG"]
[Date "2006.09.17"]
[Round "2.3"]
[White "Wells, Peter K"]
[Black "Sowray, Peter J"]
[Result "1-0"]
[WhiteElo "2480"]
[BlackElo "2357"]
[PlyCount "49"]
[EventDate "2006.09.17"]
[EventType "team"]
[EventRounds "11"]
[EventCountry "ENG"]
[WhiteTeam "H Kingfisher 1"]
[BlackTeam "Wood Green 1"]

1. d4 Nf6 2. c4 g6 3. Nc3 Bg7 4. e4 d6 5. Nf3 O-O 6. Be2 e5 7. O-O Nc6 8. d5
Ne7 9. b4 Nh5 10. Re1 f5 11. Ng5 Nf6 12. Bf3 h6 13. Ne6 Bxe6 14. dxe6 c6 15. b5
Ne8 16. Ba3 Rf6 17. c5 dxc5 18. Bxc5 Qxd1 19. Bxd1 Kf8 20. bxc6 bxc6 21. Rb1
Rc8 22. Rb7 Rc7 23. Rb8 Rxe6 24. Bb3 Rf6 25. Rd1 1-0

[Event "4NCL/Div1/HKF1 vs. WGR"]
[Site "Sunningdale ENG"]
[Date "2006.09.17"]
[Round "2.4"]
[White "Tiller, Bjorn"]
[Black "Arkell, Keith C"]
[Result "1/2-1/2"]
[WhiteElo "2353"]
[BlackElo "2479"]
[PlyCount "57"]
[EventDate "2006.09.17"]
[EventType "team"]
[EventRounds "11"]
[EventCountry "ENG"]
[WhiteTeam "Wood Green 1"]
[BlackTeam "H Kingfisher 1"]

1. e4 c6 2. f4 d5 3. d3 dxe4 4. dxe4 Qxd1+ 5. Kxd1 Bg4+ 6. Be2 Bxe2+ 7. Kxe2 e5
8. fxe5 Nd7 9. Nf3 Ne7 10. e6 fxe6 11. Ng5 e5 12. Be3 h6 13. Nf3 Ng6 14. g3 Bc5
15. Nbd2 Bxe3 16. Kxe3 Ke7 17. Nc4 b5 18. Na5 Rac8 19. Rhd1 Nc5 20. Rd2 Rhd8
21. Rxd8 Kxd8 22. h4 Nd7 23. Rd1 Kc7 24. b4 Nf6 25. c4 Ng4+ 26. Ke2 Nf6 27. Ke3
Ng4+ 28. Ke2 Nf6 29. Ke3 1/2-1/2

[Event "4NCL/Div1/HKF1 vs. WGR"]
[Site "Sunningdale ENG"]
[Date "2006.09.17"]
[Round "2.5"]
[White "Williams, Simon K"]
[Black "Tan, Desmond"]
[Result "1-0"]
[WhiteElo "2473"]
[BlackElo "2334"]
[PlyCount "79"]
[EventDate "2006.09.17"]
[EventType "team"]
[EventRounds "11"]
[EventCountry "ENG"]
[WhiteTeam "H Kingfisher 1"]
[BlackTeam "Wood Green 1"]

1. d4 Nf6 2. c4 e6 3. Nf3 b6 4. g3 Ba6 5. Qc2 Bb7 6. Bg2 c5 7. d5 exd5 8. cxd5
Bxd5 9. Nc3 Bc6 10. e4 d6 11. Bf4 Nh5 12. Bg5 Be7 13. h4 h6 14. Be3 Nd7 15.
O-O-O Qc7 16. g4 Nhf6 17. g5 Ng4 18. Bf4 Nde5 19. Nd5 Qb7 20. Bxe5 Nxe5 21.
Nxe5 dxe5 22. Qc3 Bxd5 23. exd5 Bd6 24. f4 exf4 25. gxh6 Rxh6 26. Qxg7 Rg6 27.
Qh8+ Kd7 28. Bh3+ Kc7 29. Qh7 Rf8 30. h5 Rg5 31. h6 Rxd5 32. Qg7 f3 33. h7
Rxd1+ 34. Rxd1 Bf4+ 35. Kb1 Qe4+ 36. Ka1 Qe2 37. Rd7+ Kc6 38. Qf6+ Kb5 39. a4+
Kb4 40. Qc3+ 1-0

[Event "4NCL/Div1/HKF1 vs. WGR"]
[Site "Sunningdale ENG"]
[Date "2006.09.17"]
[Round "2.6"]
[White "Lee, Graham D"]
[Black "Crouch, Colin"]
[Result "0-1"]
[WhiteElo "2290"]
[BlackElo "2366"]
[PlyCount "34"]
[EventDate "2006.09.17"]
[EventType "team"]
[EventRounds "11"]
[EventCountry "ENG"]
[WhiteTeam "Wood Green 1"]
[BlackTeam "H Kingfisher 1"]

1. e4 c5 2. c3 d6 3. d4 Nf6 4. Bd3 g6 5. f4 Bg7 6. Nf3 O-O 7. O-O cxd4 8. cxd4
Nc6 9. d5 Nb4 10. Nc3 Qb6+ 11. Kh1 Ng4 12. a3 Nxd3 13. Qxd3 Nf2+ 14. Rxf2 Qxf2
15. Na4 Bd7 16. Be3 Bb5 17. Qb3 Bxa4 0-1

[Event "4NCL/Div1/HKF1 vs. WGR"]
[Site "Sunningdale ENG"]
[Date "2006.09.17"]
[Round "2.7"]
[White "Radovanovic, Jovica"]
[Black "Maduekwe, Chiedu"]
[Result "1-0"]
[WhiteElo "2366"]
[BlackElo "2186"]
[PlyCount "183"]
[EventDate "2006.09.17"]
[EventType "team"]
[EventRounds "11"]
[EventCountry "ENG"]
[WhiteTeam "H Kingfisher 1"]
[BlackTeam "Wood Green 1"]

1. d4 d5 2. Nf3 Nf6 3. c4 c6 4. Qc2 g6 5. e3 Bf5 6. Qb3 Qb6 7. Bd2 Nbd7 8. Nc3
Bg7 9. cxd5 cxd5 10. Be2 O-O 11. O-O Rfc8 12. Rfc1 a6 13. h3 Qxb3 14. axb3 Nb6
15. Be1 Bd7 16. Ne5 Be8 17. Nd3 Bc6 18. Rc2 e6 19. Kf1 Bf8 20. Rac1 Be8 21. g4
h6 22. h4 Nfd7 23. f4 f6 24. Bf3 f5 25. g5 h5 26. Ke2 Kg7 27. Kf2 Rc6 28. Be2
Rac8 29. Ra1 R8c7 30. b4 Nc8 31. Nc5 Nxc5 32. bxc5 Na7 33. b4 Rc8 34. Rb2 R6c7
35. b5 Nxb5 36. Bxb5 axb5 37. Nxb5 Rf7 38. Ra7 Bc6 39. Na3 Be7 40. Ba5 Rff8 41.
Nc2 Ra8 42. Rxa8 Rxa8 43. Bc7 Kf7 44. Ne1 Ke8 45. Nf3 Kd7 46. Be5 Kc8 47. Bf6
Bf8 48. Ne5 Be8 49. Ke2 Ra6 50. Kd2 Kc7 51. Nd3 Bd7 52. Rb3 Ba4 53. Rb2 Bd7 54.
Kc3 Ra3+ 55. Rb3 Rxb3+ 56. Kxb3 b6 57. Kb4 Be8 58. Ne5 Kc8 59. Nd3 Kc7 60. Bh8
Be7 61. Be5+ Kb7 62. Bf6 Bf8 63. Bd8 bxc5+ 64. dxc5 Kc8 65. Bf6 Kc7 66. Ka5 Kc6
67. Bd4 Kb7 68. Bf6 Kc7 69. Kb4 Bd7 70. Be5+ Kb7 71. Bd4 Ka6 72. Bf6 Bb5 73.
Ne5 Be8 74. Nf3 Bc6 75. Nd4 Bd7 76. Be5 Be7 77. Bd6 Bd8 78. Nb3 Kb7 79. Nc1 Ka6
80. Kc3 Kb5 81. Kd4 Ba5 82. Nd3 Bd2 83. Ne5 Be8 84. c6 Kb6 85. Bc5+ Kc7 86. Nf3
Bc1 87. Ke5 Kxc6 88. Bd4 Ba3 89. Kxe6 Bd6 90. Ne1 Bb4 91. Nd3 Bd6 92. Bc3 1-0

[Event "4NCL/Div1/HKF1 vs. WGR"]
[Site "Sunningdale ENG"]
[Date "2006.09.17"]
[Round "2.8"]
[White "Hegarty, Sarah"]
[Black "Richards, Heather"]
[Result "0-1"]
[WhiteElo "1943"]
[BlackElo "2225"]
[PlyCount "64"]
[EventDate "2006.09.17"]
[EventType "team"]
[EventRounds "11"]
[EventCountry "ENG"]
[WhiteTeam "Wood Green 1"]
[BlackTeam "H Kingfisher 1"]

1. e4 e6 2. d3 d5 3. Nd2 c5 4. Ngf3 Nc6 5. g3 Be7 6. Bg2 b6 7. O-O h5 8. h4 Bb7
9. Re1 Qc7 10. exd5 exd5 11. Ng5 Nf6 12. Nf1 d4 13. Bf4 Qd7 14. Qe2 O-O 15. Ne4
Nd5 16. Qxh5 Ncb4 17. Re2 Nxf4 18. gxf4 g6 19. Qh6 Qg4 20. f3 Qxh4 21. Qxh4
Bxh4 22. f5 Rfe8 23. fxg6 f5 24. Neg3 Rxe2 25. Nxe2 Nxc2 26. Rc1 Nb4 27. Nfg3
Nxd3 28. Rb1 f4 29. Nf5 Bf2+ 30. Kf1 Be3 31. a3 Ba6 32. b4 Rf8 0-1

[Event "4NCL/Div1/GUI1 vs. SWD1"]
[Site "Sunningdale ENG"]
[Date "2006.09.17"]
[Round "2.1"]
[White "Hebden, Mark L"]
[Black "Cobb, James E"]
[Result "1-0"]
[WhiteElo "2532"]
[BlackElo "2370"]
[PlyCount "61"]
[EventDate "2006.09.17"]
[EventType "team"]
[EventRounds "11"]
[EventCountry "ENG"]
[WhiteTeam "Guildford-ADC 1"]
[BlackTeam "S W Dragons 1"]

1. d4 Nf6 2. Nf3 c5 3. d5 b5 4. Bg5 Qb6 5. Bxf6 Qxf6 6. c3 d6 7. e4 a6 8. a4 b4
9. Qc2 Nd7 10. a5 g5 11. Nbd2 Bg7 12. Nc4 Rb8 13. Be2 O-O 14. O-O Ne5 15. Nb6
bxc3 16. bxc3 Bb7 17. Ra3 Qg6 18. Nd2 e6 19. Qd1 exd5 20. exd5 Rbe8 21. Ndc4
Re7 22. Nxe5 Bxe5 23. Bc4 f5 24. Rb3 Qh6 25. g3 Qf6 26. Na4 f4 27. Nxc5 Rc7 28.
Ne4 Qg6 29. Rxb7 Rxb7 30. Bxa6 Qxe4 31. Qg4 1-0

[Event "4NCL/Div1/GUI1 vs. SWD1"]
[Site "Sunningdale ENG"]
[Date "2006.09.17"]
[Round "2.2"]
[White "Cooper, John G"]
[Black "Conquest, Stuart C"]
[Result "1/2-1/2"]
[WhiteElo "2345"]
[BlackElo "2534"]
[PlyCount "32"]
[EventDate "2006.09.17"]
[EventType "team"]
[EventRounds "11"]
[EventCountry "ENG"]
[WhiteTeam "S W Dragons 1"]
[BlackTeam "Guildford-ADC 1"]

1. d4 e6 2. c4 b6 3. Nc3 Bb4 4. e3 f5 5. Nge2 Nf6 6. a3 Bd6 7. g3 Bb7 8. d5 Na6
9. Bg2 O-O 10. O-O c6 11. e4 Nxe4 12. Nxe4 fxe4 13. dxe6 dxe6 14. Nc3 Nc5 15.
Nxe4 Be7 16. Be3 Nxe4 1/2-1/2

[Event "4NCL/Div1/GUI1 vs. SWD1"]
[Site "Sunningdale ENG"]
[Date "2006.09.17"]
[Round "2.3"]
[White "Pert, Nicholas"]
[Black "Jones, Richard S"]
[Result "1-0"]
[WhiteElo "2503"]
[BlackElo "2342"]
[PlyCount "131"]
[EventDate "2006.09.17"]
[EventType "team"]
[EventRounds "11"]
[EventCountry "ENG"]
[WhiteTeam "Guildford-ADC 1"]
[BlackTeam "S W Dragons 1"]

1. d4 Nf6 2. Nf3 g6 3. c4 Bg7 4. g3 O-O 5. Bg2 d6 6. O-O Nbd7 7. Nc3 e5 8. h3
a6 9. Re1 exd4 10. Nxd4 Nb6 11. b3 d5 12. c5 Nbd7 13. c6 Ne5 14. cxb7 Bxb7 15.
Bf4 Re8 16. Rc1 c5 17. Bxe5 Rxe5 18. Nf3 Re7 19. Na4 c4 20. bxc4 dxc4 21. Qxd8+
Rxd8 22. Rxc4 Ne4 23. Rc2 h5 24. h4 Rd5 25. Ng5 Ra5 26. Nxe4 Bxe4 27. Bxe4 Rxe4
28. Nc5 Rb4 29. Rec1 Bf8 30. Nb3 Ra3 31. Rd1 Rb7 32. Rd8 Kg7 33. Kg2 Be7 34.
Ra8 a5 35. Nd2 Ra4 36. Nb3 Ra3 37. e3 Bf6 38. Nd2 Ra4 39. Nb3 Ra3 40. Nd2 Ra4
41. Kf3 Rb2 42. Rxb2 Bxb2 43. Nb3 Rxa2 44. Rxa5 Rxa5 45. Nxa5 Kf6 46. Nb3 Ke6
47. Ke4 Bc3 48. Nc5+ Kf6 49. Kd5 Be1 50. Nd3 Ba5 51. e4 Bc3 52. f3 Bd2 53. e5+
Ke7 54. Ke4 Ba5 55. f4 Ke6 56. Nc5+ Ke7 57. f5 Be1 58. f6+ Ke8 59. Kf3 Bc3 60.
Nd3 Bd4 61. Ke4 Bg1 62. Kf4 Kd7 63. Ne1 Bf2 64. Nf3 Ke8 65. e6 fxe6 66. Kg5 1-0

[Event "4NCL/Div1/GUI1 vs. SWD1"]
[Site "Sunningdale ENG"]
[Date "2006.09.17"]
[Round "2.4"]
[White "Trevelyan, John"]
[Black "Kosten, Anthony C"]
[Result "1/2-1/2"]
[WhiteElo "2243"]
[BlackElo "2530"]
[PlyCount "127"]
[EventDate "2006.09.17"]
[EventType "team"]
[EventRounds "11"]
[EventCountry "ENG"]
[WhiteTeam "S W Dragons 1"]
[BlackTeam "Guildford-ADC 1"]

1. Nc3 Nf6 2. e4 e5 3. Nf3 Nc6 4. Bb5 Bd6 5. O-O O-O 6. d3 a6 7. Ba4 h6 8. Ne2
b5 9. Bb3 Na5 10. Ng3 Nxb3 11. axb3 Re8 12. Nf5 Bf8 13. Re1 d5 14. Ng3 Bb7 15.
Qe2 c5 16. h3 Rc8 17. c4 dxe4 18. dxe4 Qb6 19. Nd2 g6 20. f3 Bg7 21. Ndf1 h5
22. Ne3 h4 23. Ngf1 Nh5 24. Nd5 Bxd5 25. cxd5 Bf8 26. Be3 Qf6 27. Qd2 Nf4 28.
Red1 Red8 29. Nh2 c4 30. Ng4 Qd6 31. bxc4 Rxc4 32. b3 Rc7 33. Bxf4 exf4 34. e5
Qb4 35. d6 Qxd2 36. Rxd2 Rc6 37. Rda2 f5 38. Nf6+ Kf7 39. Nd5 Ke6 40. Nxf4+
Kxe5 41. Nxg6+ Kxd6 42. Nxh4 Ke5 43. Rxa6 Bc5+ 44. Kh2 Rxa6 45. Rxa6 Rd3 46.
Ng6+ Kd4 47. Nf4 Rxb3 48. Ne6+ Kd5 49. Nxc5 Kxc5 50. Rf6 b4 51. Rxf5+ Kc4 52.
Rf8 Rd3 53. h4 b3 54. Rb8 Rd5 55. g4 Rb5 56. Rc8+ Rc5 57. Re8 b2 58. Re1 Kb3
59. Rb1 Rc1 60. Rxb2+ Kxb2 61. h5 Kc3 62. Kg3 Kd4 63. Kf4 Rh1 64. Kg5 1/2-1/2

[Event "4NCL/Div1/GUI1 vs. SWD1"]
[Site "Sunningdale ENG"]
[Date "2006.09.17"]
[Round "2.5"]
[White "King, Daniel J"]
[Black "Rayner, Francis"]
[Result "1-0"]
[WhiteElo "2534"]
[BlackElo "2237"]
[PlyCount "75"]
[EventDate "2006.09.17"]
[EventType "team"]
[EventRounds "11"]
[EventCountry "ENG"]
[WhiteTeam "Guildford-ADC 1"]
[BlackTeam "S W Dragons 1"]

1. e4 c5 2. Nf3 e6 3. c3 Nf6 4. e5 Nd5 5. d4 cxd4 6. cxd4 b6 7. Bc4 Bb7 8. O-O
Be7 9. Bxd5 Bxd5 10. Nc3 Bc4 11. Re1 O-O 12. d5 d6 13. Qd4 Qc7 14. Bf4 Qc5 15.
exd6 Qxd4 16. Nxd4 Bf6 17. Rad1 Nd7 18. dxe6 fxe6 19. Bg3 Nc5 20. b3 Nd3 21.
bxc4 Nxe1 22. Ncb5 e5 23. Ne6 Nc2 24. Nxf8 Kxf8 25. d7 Ke7 26. Nxa7 Nd4 27.
Nc8+ Kd8 28. Nxb6 Rxa2 29. h3 Ra6 30. Rb1 Kc7 31. Kf1 Ne6 32. Nd5+ Kxd7 33.
Rb7+ Kd6 34. Kg1 Nd4 35. Kh2 Nf5 36. Rf7 Ke6 37. Rxf6+ gxf6 38. Nc7+ 1-0

[Event "4NCL/Div1/GUI1 vs. SWD1"]
[Site "Sunningdale ENG"]
[Date "2006.09.17"]
[Round "2.6"]
[White "Zeidler, Sven P"]
[Black "Plaskett, James"]
[Result "0-1"]
[WhiteElo "2232"]
[BlackElo "2490"]
[PlyCount "74"]
[EventDate "2006.09.17"]
[EventType "team"]
[EventRounds "11"]
[EventCountry "ENG"]
[WhiteTeam "S W Dragons 1"]
[BlackTeam "Guildford-ADC 1"]

1. e4 c5 2. Nc3 a6 3. f4 Nc6 4. Nf3 e6 5. g3 d5 6. Qe2 Nf6 7. e5 Nd7 8. Bh3 Qc7
9. O-O Be7 10. d3 b5 11. f5 Nb6 12. fxe6 Bxe6 13. Bxe6 fxe6 14. Ng5 Nd4 15.
Qh5+ g6 16. Qg4 Bxg5 17. Bxg5 b4 18. Nd1 Nd7 19. Bf6 Nxe5 20. Bxe5 Qxe5 21. c3
bxc3 22. bxc3 Nf5 23. Qa4+ Ke7 24. d4 cxd4 25. Qb4+ Qd6 26. Qb7+ Kf6 27. cxd4
Rhb8 28. Qxh7 Rh8 29. Qb7 Rab8 30. Qa7 Rxh2 31. Rxf5+ gxf5 32. Kxh2 Rg8 33. Kg2
Qxg3+ 34. Kf1 Qf3+ 35. Ke1 Rg2 36. Qxa6 Qg3+ 37. Kf1 Rh2 0-1

[Event "4NCL/Div1/GUI1 vs. SWD1"]
[Site "Sunningdale ENG"]
[Date "2006.09.17"]
[Round "2.7"]
[White "Cherniaev, Alexander"]
[Black "James, David J"]
[Result "1-0"]
[WhiteElo "2473"]
[BlackElo "2216"]
[PlyCount "51"]
[EventDate "2006.09.17"]
[EventType "team"]
[EventRounds "11"]
[EventCountry "ENG"]
[WhiteTeam "Guildford-ADC 1"]
[BlackTeam "S W Dragons 1"]

1. e4 c5 2. Na3 Nc6 3. Bb5 Nf6 4. Bxc6 bxc6 5. e5 Nd5 6. Qe2 g6 7. d3 Bg7 8. f4
O-O 9. Nf3 d6 10. Nc4 f6 11. O-O fxe5 12. fxe5 Bg4 13. h3 Bxf3 14. Rxf3 Rxf3
15. Qxf3 Qd7 16. Bd2 Nb6 17. Re1 Nxc4 18. e6 Qb7 19. Qf7+ Kh8 20. dxc4 Qxb2 21.
Qxe7 Qd4+ 22. Be3 Qe5 23. Bf2 Qf4 24. Qd7 Rf8 25. Rf1 Rb8 26. e7 1-0

[Event "4NCL/Div1/GUI1 vs. SWD1"]
[Site "Sunningdale ENG"]
[Date "2006.09.17"]
[Round "2.8"]
[White "Smith, Olivia"]
[Black "Ciuksyte, Dagne"]
[Result "0-1"]
[WhiteElo "1980"]
[BlackElo "2440"]
[PlyCount "46"]
[EventDate "2006.09.17"]
[EventType "team"]
[EventRounds "11"]
[EventCountry "ENG"]
[WhiteTeam "S W Dragons 1"]
[BlackTeam "Guildford-ADC 1"]

1. e4 c5 2. Nf3 Nc6 3. d4 cxd4 4. Nxd4 Qc7 5. Nc3 e6 6. Nxc6 bxc6 7. Bd3 Nf6 8.
Qe2 Bd6 9. h3 Rb8 10. Rb1 Be5 11. Bd2 g5 12. Nd1 Rg8 13. b3 c5 14. Ne3 Bb7 15.
Nc4 Rc8 16. a4 Kf8 17. b4 Bf4 18. bxc5 Bxd2+ 19. Nxd2 Ba8 20. Ba6 Rd8 21. e5
Nd5 22. O-O Nf4 23. Qe3 Qc6 0-1

[Event "4NCL/Div1/BAR1 vs. AD"]
[Site "Sunningdale ENG"]
[Date "2006.09.17"]
[Round "2.1"]
[White "Cox, John J"]
[Black "Chandler, Murray G"]
[Result "0-1"]
[WhiteElo "2418"]
[BlackElo "2540"]
[PlyCount "62"]
[EventDate "2006.09.17"]
[EventType "team"]
[EventRounds "11"]
[EventCountry "ENG"]
[WhiteTeam "Barbican 4NCL 1"]
[BlackTeam "The ADs 1"]

1. d4 Nf6 2. c4 e6 3. Nc3 Bb4 4. Qc2 O-O 5. a3 Bxc3+ 6. Qxc3 b6 7. Bg5 Bb7 8.
e3 d6 9. Ne2 Nbd7 10. Qd3 Re8 11. Nc3 h6 12. Bh4 Nf8 13. f3 Ng6 14. Bf2 e5 15.
dxe5 Nxe5 16. Qc2 Ba6 17. Qa4 Nfd7 18. Nb5 Nc5 19. Qc2 c6 20. Nd4 Qf6 21. Be2
d5 22. cxd5 Ncd3+ 23. Kf1 Nxf2 24. Bxa6 Nxh1 25. dxc6 Ng4 26. Kg1 Nxe3 27. Qc3
Nd5 28. Qd2 Nc7 29. Bc4 Rad8 30. Rd1 b5 31. Bb3 Rxd4 0-1

[Event "4NCL/Div1/BAR1 vs. AD"]
[Site "Sunningdale ENG"]
[Date "2006.09.17"]
[Round "2.2"]
[White "Mestel, A Jonathan"]
[Black "Collins, Sam"]
[Result "1/2-1/2"]
[WhiteElo "2486"]
[BlackElo "2396"]
[PlyCount "99"]
[EventDate "2006.09.17"]
[EventType "team"]
[EventRounds "11"]
[EventCountry "ENG"]
[WhiteTeam "The ADs 1"]
[BlackTeam "Barbican 4NCL 1"]

1. c4 g6 2. e4 Bg7 3. d4 d6 4. Nc3 Nf6 5. f3 O-O 6. Bg5 h6 7. Be3 c5 8. d5 e6
9. Qd2 exd5 10. cxd5 Re8 11. Nge2 Kh7 12. Nc1 Nbd7 13. Be2 a6 14. a4 Qa5 15.
O-O Ne5 16. Ra3 Rb8 17. N1a2 Nh5 18. Rb1 Qc7 19. b4 b6 20. Rab3 c4 21. Ra3 f5
22. Rc1 Nf6 23. Bd4 Rb7 24. f4 Neg4 25. Bxg4 Nxe4 26. Nxe4 Bxd4+ 27. Qxd4 Rxe4
28. Qd2 fxg4 29. Re3 Bf5 30. Rxe4 Bxe4 31. Re1 Bd3 32. Nc1 Bf5 33. Ne2 Qg7 34.
Nd4 Re7 35. Ne6 Qf6 36. Qe3 Bxe6 37. dxe6 b5 38. axb5 axb5 39. Qb6 Qc3 40. Re3
Qxb4 41. Qd8 Qb1+ 42. Kf2 Qa2+ 43. Kf1 Qa1+ 44. Kf2 Qf6 45. Qxd6 g5 46. g3 gxf4
47. gxf4 Ra7 48. Qe5 Qh4+ 49. Kg1 Ra2 50. Qf5+ 1/2-1/2

[Event "4NCL/Div1/BAR1 vs. AD"]
[Site "Sunningdale ENG"]
[Date "2006.09.17"]
[Round "2.4"]
[White "Jirka, Jiri"]
[Black "Berry, Neil"]
[Result "1-0"]
[WhiteElo "2372"]
[BlackElo "2334"]
[PlyCount "80"]
[EventDate "2006.09.17"]
[EventType "team"]
[EventRounds "11"]
[EventCountry "ENG"]
[WhiteTeam "The ADs 1"]
[BlackTeam "Barbican 4NCL 1"]

1. d4 d5 2. Nf3 Nf6 3. g3 c6 4. c4 dxc4 5. Bg2 g6 6. Ne5 Be6 7. O-O Bg7 8. e4
Nbd7 9. f4 O-O 10. Nc3 Nxe5 11. fxe5 Bg4 12. Qd2 Ne8 13. h3 Bd7 14. Rd1 Qc8 15.
Kh2 Nc7 16. Qe2 b5 17. Be3 Qb7 18. b3 cxb3 19. axb3 a5 20. Qd2 Rfd8 21. Bh6 Be6
22. Bxg7 Kxg7 23. Qb2 Kg8 24. Rd2 b4 25. Na4 Qb5 26. Nc5 Qb6 27. Rc1 Rac8 28.
Na4 Qa6 29. Bf1 Qb7 30. Rc5 Nb5 31. d5 Bd7 32. Rdc2 cxd5 33. exd5 Na3 34. Rxc8
Rxc8 35. Rxc8+ Bxc8 36. Qd4 Nc2 37. Qc5 Na1 38. Bc4 Nc2 39. Nb6 Bf5 40. Qxa5
Ne3 1-0

[Event "4NCL/Div1/BAR1 vs. AD"]
[Site "Sunningdale ENG"]
[Date "2006.09.17"]
[Round "2.5"]
[White "D'Costa, Lorin A R"]
[Black "Richardson, John R"]
[Result "1-0"]
[WhiteElo "2375"]
[BlackElo "2327"]
[PlyCount "85"]
[EventDate "2006.09.17"]
[EventType "team"]
[EventRounds "11"]
[EventCountry "ENG"]
[WhiteTeam "Barbican 4NCL 1"]
[BlackTeam "The ADs 1"]

1. e4 c6 2. d4 d5 3. Nc3 dxe4 4. Nxe4 Nd7 5. Ng5 Ngf6 6. Bd3 e6 7. N1f3 Bd6 8.
Qe2 h6 9. Ne4 Nxe4 10. Qxe4 Qc7 11. Qg4 g5 12. Qh3 Bf4 13. Be3 Nf6 14. O-O-O
Rg8 15. g3 e5 16. Qf1 Bxe3+ 17. fxe3 e4 18. Ne5 exd3 19. Qxf6 dxc2 20. Kxc2 Be6
21. a3 Qe7 22. Rhf1 h5 23. e4 Qxf6 24. Rxf6 Ke7 25. Rdf1 Raf8 26. Kc3 h4 27. g4
Rg7 28. h3 Rd8 29. Nd3 Rh7 30. b4 a5 31. b5 Rc8 32. b6 Ra8 33. Nc5 Rg7 34. Rh6
Rb8 35. Nxe6 fxe6 36. Rff6 Rf8 37. Rxe6+ Kd7 38. Ref6 Re8 39. Kd3 Rge7 40. e5
c5 41. Rd6+ Kc8 42. e6 cxd4 43. Kxd4 1-0

[Event "4NCL/Div1/BAR1 vs. AD"]
[Site "Sunningdale ENG"]
[Date "2006.09.17"]
[Round "2.6"]
[White "Snape, Ian"]
[Black "Devereaux, Maxim"]
[Result "1/2-1/2"]
[WhiteElo "2241"]
[BlackElo "2377"]
[PlyCount "103"]
[EventDate "2006.09.17"]
[EventType "team"]
[EventRounds "11"]
[EventCountry "ENG"]
[WhiteTeam "The ADs 1"]
[BlackTeam "Barbican 4NCL 1"]

1. c4 Nf6 2. Nc3 e6 3. e4 d5 4. e5 d4 5. exf6 dxc3 6. bxc3 Qxf6 7. d4 e5 8. Nf3
exd4 9. Bg5 Qe6+ 10. Be2 Be7 11. cxd4 Bxg5 12. Nxg5 Qe7 13. Qd2 O-O 14. O-O h6
15. Nf3 Nd7 16. Bd3 Nf6 17. Rfe1 Qd6 18. Bc2 c5 19. d5 b5 20. cxb5 Rb8 21. a4
Qxd5 22. Qc3 Bg4 23. Re5 Qb7 24. Rxc5 Bxf3 25. Qxf3 Qxf3 26. gxf3 Rfc8 27.
Rxc8+ Rxc8 28. Bb3 Kf8 29. a5 Rc7 30. Kf1 Rb7 31. Bc4 Ne8 32. Rd1 Ke7 33. Re1+
Kf8 34. Bd5 Rb8 35. b6 axb6 36. Rxe8+ Rxe8 37. a6 Ke7 38. a7 Kd6 39. a8=Q Rxa8
40. Bxa8 Ke5 41. Bc6 g5 42. Ke2 Kf4 43. Kd3 b5 44. Kd4 f5 45. Kc5 g4 46. fxg4
fxg4 47. Kxb5 h5 48. Kc5 h4 49. Kd6 g3 50. fxg3+ hxg3 51. h3 Kg5 52. Ke7
1/2-1/2

[Event "4NCL/Div1/BAR1 vs. AD"]
[Site "Sunningdale ENG"]
[Date "2006.09.17"]
[Round "2.8"]
[White "Bellin, Jana"]
[Black "Lauterbach, Ingrid"]
[Result "1/2-1/2"]
[WhiteElo "2152"]
[BlackElo "2120"]
[PlyCount "29"]
[EventDate "2006.09.17"]
[EventType "team"]
[EventRounds "11"]
[EventCountry "ENG"]
[WhiteTeam "The ADs 1"]
[BlackTeam "Barbican 4NCL 1"]

1. d4 d6 2. Nf3 g6 3. Bf4 Bg7 4. e3 Nd7 5. Bc4 c6 6. c3 Ngf6 7. h3 O-O 8. O-O
b5 9. Bb3 Bb7 10. Nbd2 c5 11. a4 a6 12. Qe2 c4 13. Bc2 Qc7 14. e4 e5 15. Be3
1/2-1/2

[Event "4NCL/Div1/SLOS1 vs. GUI2"]
[Site "Sunningdale ENG"]
[Date "2006.09.17"]
[Round "2.1"]
[White "Jones, Gawain C B"]
[Black "Howell, David W L"]
[Result "1/2-1/2"]
[WhiteElo "2416"]
[BlackElo "2479"]
[PlyCount "78"]
[EventDate "2006.09.17"]
[EventType "team"]
[EventRounds "11"]
[EventCountry "ENG"]
[WhiteTeam "Slough Sharks 1"]
[BlackTeam "Guildford-ADC 2"]

1. e4 e5 2. Nf3 Nc6 3. d4 exd4 4. Nxd4 Bc5 5. Be3 Qf6 6. c3 Nge7 7. Nc2 Bxe3 8.
Nxe3 d6 9. Na3 Bd7 10. Be2 O-O-O 11. O-O g5 12. Nb5 a6 13. Nd4 Qe5 14. Qb3 Qxe4
15. Bf3 Qg6 16. Nd5 Rde8 17. Nxe7+ Rxe7 18. Nxc6 Bxc6 19. Bxc6 bxc6 20. Qc4 Kb7
21. Qb4+ Kc8 22. Qc4 Kd7 23. Qxa6 Qe4 24. Qb7 h5 25. Rad1 h4 26. h3 Qe6 27. Rd4
Qxa2 28. c4 Qa8 29. Qb3 Qa5 30. Qf3 Rb8 31. Qg4+ Re6 32. f4 f5 33. Qxg5 Qc5 34.
Rfd1 Rxb2 35. Kh1 Ree2 36. Qg7+ Kc8 37. Qh8+ Kd7 38. Qg7+ Kc8 39. Qh8+ Kd7
1/2-1/2

[Event "4NCL/Div1/SLOS1 vs. GUI2"]
[Site "Sunningdale ENG"]
[Date "2006.09.17"]
[Round "2.2"]
[White "Wallace, John P"]
[Black "Martyn, Rafe"]
[Result "1-0"]
[WhiteElo "2419"]
[BlackElo "2288"]
[PlyCount "95"]
[EventDate "2006.09.17"]
[EventType "team"]
[EventRounds "11"]
[EventCountry "ENG"]
[WhiteTeam "Guildford-ADC 2"]
[BlackTeam "Slough Sharks 1"]

1. d4 Nf6 2. c4 e6 3. Nc3 Bb4 4. e3 b6 5. Bd3 Bb7 6. Nge2 Bxg2 7. Rg1 Be4 8. a3
Bxd3 9. Qxd3 Bxc3+ 10. Nxc3 Nh5 11. e4 Nc6 12. Rg5 g6 13. d5 Ne7 14. Be3 d6 15.
f4 Qd7 16. O-O-O f6 17. Rxh5 gxh5 18. Nb5 O-O-O 19. Nd4 e5 20. Ne6 exf4 21. Bd4
Rde8 22. Bxf6 Rhg8 23. c5 dxc5 24. Nxf4 Rg4 25. Ne6 Rg6 26. Qf3 Nc6 27. e5 Rxe6
28. dxe6 Qxe6 29. Kb1 Rg4 30. Qd3 Kb7 31. Qd7 Qxd7 32. Rxd7 Nd4 33. Kc1 Rg2 34.
h4 Kc6 35. Rxh7 Kd5 36. Rxh5 Ke4 37. e6 Kd3 38. Kb1 Re2 39. e7 Re1+ 40. Ka2 Nc6
41. Rh8 Nxe7 42. Re8 Nd5 43. Rxe1 Nxf6 44. Re6 Nh5 45. Re5 Nf4 46. h5 Kd4 47.
Rf5 Ne6 48. h6 1-0